00826cam a22002057a 4500003000500000005001700005008004100022010001000063011001000073035001000083040000900093082002400102110005200126245003000178260007400208300000900282500025800291651003700549700003400586CHAP20220329135353.0971013s1983 r 00010 d a35207 a36179 a40298 cCHAP a972.083bM4 1982-83 aMéxico. Presidente,d1982-88 (Madrid Hurtado) 0aInforme de gobierno (1o.) aMéxico, D.F. :bSecretaría de Programación y Presupuesto,c1983 a15 v aLa biblioteca tiene: v.1 Informe.- v.2 Informe complementario.- v.3 Sector agropecuario y forestal.- v.4 Sector comercio y fomento industrial v.5 Sector comunicaciones y transporte.- v.6 Sector Desarrollo urbano y Ecología.- v.7 Sector educativo.- v.8 4aMéxicoxPolítica y gobierno.0 aMadrid Hurtado, Miguel de la.